书目信息 |
| 题名: |
体育教师教育课程改革
|
|
| 作者: | 王健 , 黄爱峰 , 吴旭东 著 | |
| 分册: | ||
| 出版信息: | 北京 人民体育出版社 2006.03 |
|
| 页数: | 233页 | |
| 开本: | 20cm | |
| 丛书名: | 21世纪体育课程新论丛书 | |
| 单 册: | ||
| 中图分类: | G807.4 | |
| 科图分类: | ||
| 主题词: | 体育--ti yu--课程--教学改革--高等学校--教材 | |
| 电子资源: | ||
| ISBN: | 7-5009-2888-2 | |
| 000 | 01018nam 2200277 450 | |
| 001 | 012006869017 | |
| 005 | 20060626092352.75 | |
| 010 | @a7-5009-2888-2@dCNY15.00 | |
| 100 | @a20060614d2006 km y0chiy0120 ea | |
| 101 | 0 | @achi |
| 102 | @aCN@b110000 | |
| 105 | @aa a 000yy | |
| 200 | 1 | @a体育教师教育课程改革@Ati yu jiao shi jiao yu ke cheng gai ge@f王健, 黄爱峰, 吴旭东著@Fwang jian,huang ai feng,wu xu dong zhu |
| 210 | @a北京@c人民体育出版社@d2006.03 | |
| 215 | @a233页@c图@d20cm | |
| 225 | 2 | @a21世纪体育课程新论丛书@A21 shi ji ti yu ke cheng xin lun cong shu |
| 320 | @a有书目 (第227-233页)。 | |
| 330 | @a本书内容包括高等学校体育教师教育课程设置的现状与反思、体育教育专业课程改革的专业化趋向等。 | |
| 410 | 0 | @12001 @a21世纪体育课程新论丛书 |
| 606 | 0 | @a体育@Ati yu@x课程@x教学改革@x高等学校@j教材 |
| 690 | @aG807.4@v4 | |
| 701 | 0 | @a王健@Awang jian@4著 |
| 701 | 0 | @a黄爱峰@Ahuang ai feng@4著 |
| 701 | 0 | @a吴旭东@Awu xu dong@4著 |
| 801 | 0 | @aCN@bQSSK@c20060626 |
| 905 | @a10447@dG807.4@eW235 | |
| 体育教师教育课程改革/王健, 黄爱峰, 吴旭东著.-北京:人民体育出版社,2006.03 |
| 233页:图;20cm.-(21世纪体育课程新论丛书) |
| ISBN 7-5009-2888-2:CNY15.00 |
| 本书内容包括高等学校体育教师教育课程设置的现状与反思、体育教育专业课程改革的专业化趋向等。 |
| ● |
| 相关链接 |
|
|
|
正题名:体育教师教育课程改革
索取号:G807.4/W235
 
预约/预借
| 序号 | 登录号 | 条形码 | 馆藏地/架位号 | 状态 | 备注 |
| 1 | 587083 | 205870832 | 社科库409/409社科库 20排2列5层/ [索取号:G807.4/W235] | 在馆 | |
| 2 | 587084 | 205870841 | 社科库409/409社科库 20排2列5层/ [索取号:G807.4/W235] | 在馆 | |
| 3 | 587085 | 205870850 | 社科库409/409社科库 20排2列5层/ [索取号:G807.4/W235] | 在馆 |